000 00410nam a2200145Ia 4500
008 100122s9999 xx 000 0 und d
082 _b668
_a823
100 _aमित्र का र
245 _aप्रीयवंदा
260 _bप्रकाशक शोधणे
_c1924
300 _a55
630 _aप्रीयवंदा
730 _aप्रीयवंदा
942 _cBOOK
999 _c395841
_d395838